| 000 | 01428nam a22003857a 4500 | ||
|---|---|---|---|
| 003 | CHAP | ||
| 005 | 20220329143426.0 | ||
| 008 | 090617s2009 mx r 00010 spa d | ||
| 010 | _a96404 | ||
| 011 | _a97376 | ||
| 035 | _a108042 | ||
| 040 | _cCHAP | ||
| 090 | _aTesis | ||
| 100 | 1 |
_aSantamaria Miranda, Jessica _9102275 |
|
| 245 | 1 | 0 |
_aSustratos y manejo nutrimental en la producción y calidad de fresa (fragaria x ananassa Duch.) _c/por Jessica Santamaria Miranda |
| 260 |
_aChapingo, Méx. : _bEl autor, _c2009 |
||
| 300 |
_axi, 81 h. : _bcuadros, ilus. |
||
| 502 | _aTesis (M.C. en Horticultura) -- UACH. Departamento de Fitotecnia | ||
| 530 | _aTambién disponible en línea | ||
| 590 |
_aALEPH _b10 _c20130110 _lUCH01 _h1529 |
||
| 590 |
_aBATCH-UPD _b10 _c20130110 _lUCH01 _h1620 |
||
| 590 |
_aBATCH-UPD _b10 _c20140324 _lUCH01 _h1512 |
||
| 590 |
_aBATCH-UPD _b10 _c20141002 _lUCH01 _h0839 |
||
| 590 |
_aCONVERSION _b10 _c20130109 _lUCH01 _h1353 |
||
| 650 | 1 | 4 |
_aCultivos en invernadero. _930376 |
| 650 | 1 | 4 |
_aFresa _xRendimiento. _943232 |
| 650 | 1 | 4 |
_aSoluciones nutritivas. _9108527 |
| 650 | 1 | 4 |
_aSustratos. _9110789 |
| 856 |
_3Finding aid _uhttp://10.13.5.2/tesis/108042.pdf _zTeclea aqui |
||
| 901 | _aBK | ||
| 911 | _aen proceso | ||
| 942 | _cFOLL | ||
| 949 |
_aTesis _bBC _cTES _d33724002099603 _eTS1 _gdonaciØn _h49312 _i108042 _sb |
||
| 949 |
_aTesis _bBC _cTES _d33724002099644 _eTS2 _fc.2 _gDonaciØn _h49313 _i108042 _sb |
||
| 999 |
_c96404 _d96404 |
||